<?xml version="1.0" encoding="UTF-8"?>
<record
    xmlns:xsi="http://www.w3.org/2001/XMLSchema-instance"
    xsi:schemaLocation="http://www.loc.gov/MARC21/slim http://www.loc.gov/standards/marcxml/schema/MARC21slim.xsd"
    xmlns="http://www.loc.gov/MARC21/slim">

  <leader>04042cam a2200421Ma 4500</leader>
  <controlfield tag="001">ocn441782636</controlfield>
  <controlfield tag="003">OCoLC</controlfield>
  <controlfield tag="005">20210303085432.0</controlfield>
  <controlfield tag="006">m        d        </controlfield>
  <controlfield tag="007">cr zn|||||||||</controlfield>
  <controlfield tag="008">000524s2000    ctu     o     000 0 eng d</controlfield>
  <datafield tag="020" ind1=" " ind2=" ">
    <subfield code="a">9781849508896 (electronic bk.) :</subfield>
    <subfield code="c">&#xA3;73.95 ; &#x20AC; 108.95 ; $132.95</subfield>
  </datafield>
  <datafield tag="020" ind1=" " ind2=" ">
    <subfield code="a">1849508895 (electronic bk.) :</subfield>
    <subfield code="c">&#xA3;73.95 ; &#x20AC; 108.95 ; $132.95</subfield>
  </datafield>
  <datafield tag="020" ind1=" " ind2=" ">
    <subfield code="z">9780762306800 (hbk.)</subfield>
  </datafield>
  <datafield tag="020" ind1=" " ind2=" ">
    <subfield code="z">0762306807 (hbk.)</subfield>
  </datafield>
  <datafield tag="040" ind1=" " ind2=" ">
    <subfield code="a">MERUC</subfield>
    <subfield code="b">eng</subfield>
    <subfield code="c">MERUC</subfield>
    <subfield code="d">OCLCQ</subfield>
    <subfield code="d">UBY</subfield>
    <subfield code="d">OCLCQ</subfield>
    <subfield code="d">ZJC</subfield>
  </datafield>
  <datafield tag="050" ind1="1" ind2="4">
    <subfield code="a">HM210</subfield>
    <subfield code="b">.S68 2000</subfield>
  </datafield>
  <datafield tag="072" ind1=" " ind2="7">
    <subfield code="a">JKV</subfield>
    <subfield code="2">bicssc</subfield>
  </datafield>
  <datafield tag="072" ind1=" " ind2="7">
    <subfield code="a">SOC004000</subfield>
    <subfield code="2">bisacsh</subfield>
  </datafield>
  <datafield tag="080" ind1=" " ind2=" ">
    <subfield code="a">343.9</subfield>
  </datafield>
  <datafield tag="082" ind1="0" ind2="4">
    <subfield code="a">364</subfield>
    <subfield code="2">22</subfield>
  </datafield>
  <datafield tag="245" ind1="0" ind2="0">
    <subfield code="a">Sociology of crime, law and deviance.</subfield>
    <subfield code="n">Vol. 2</subfield>
    <subfield code="h">[electronic resource] /</subfield>
    <subfield code="c">edited by Jeffery T. Ulmer.</subfield>
  </datafield>
  <datafield tag="260" ind1=" " ind2=" ">
    <subfield code="a">Stamford, Ct. :</subfield>
    <subfield code="b">JAI Press, 2000.</subfield>
    <subfield code="b">Elsevier :</subfield>
    <subfield code="b">Architectural Press,</subfield>
    <subfield code="c">2000.</subfield>
  </datafield>
  <datafield tag="300" ind1=" " ind2=" ">
    <subfield code="a">1 online resource (xiii, 345 p.)</subfield>
  </datafield>
  <datafield tag="505" ind1="0" ind2=" ">
    <subfield code="a">When does race matter? An analysis of conditions under which race affects sentence severity / Miriam DeLone -- Implications of ghetto-related behavior for a community and crime model: defining the process of cultural attenuation / Pamela Wilcox Rountree --  Policing, culture, and fear in the Korean American community / Min Sik Lee -- Markets for legal services and the rise of franchise law firms / Jerry Van Hoy -- Transformation of the oral tradition of the police subculture through the introduction of information technology / Albert J. Meehan -- A duty to kill: an occupational perspective from the front lines of a killing institution / Elizabeth McLin -- Legitimating murder? An analysis of newspaper coverage of violence at abortion clinics / Gray Cavender -- Reading prisons: a metaphoric-organizational approach / Christopher R. Williams -- Impeachment work in the Menendez brothers' murder trial: the interactional achievement of facticity, credibility, and accountability / Stacy Burns -- Deficiencies in the sociology of sex work / Ronald Weitzer -- Crime in high places: a criminological perspective on the Clinton case / David O. Friedrichs -- Beyond black and white: ethnoviolence between oppressed groups / Barbara Perry -- Explaining violence, substance abuse, and persistent violence among men: elaborating a side-by-side integrative model of four theoretical perspectives / Rebecca S. Katz.</subfield>
  </datafield>
  <datafield tag="520" ind1=" " ind2=" ">
    <subfield code="a">"Sociology of Crime, Law and Deviance" is an annual series of volumes that publishes scholarly work in criminology and criminal justice studies, sociology of law, and the sociology of deviance and social control. These are very broad topics, and the series reflects this breadth. The series includes theoretical contributions, critical reviews of literature, empirical research, and methodological innovations. The series especially showcases "big picture" pieces that review and critically reconceptualize what is known and what remains to be understood about broad directions of research and theorizing about crime, justice, law, deviance, and social control. In addition, the series showcases a diversity of methodological approaches. "Volume 2" demonstrates such methodological diversity by presenting quantitative studies, ethnographies and discourse analyses. Through an application of these methodologies, the authors examine sanctions, crime and fear and legal and social control organizations and processes. The volume concludes with four chapters contributing to theory development.</subfield>
  </datafield>
  <datafield tag="588" ind1=" " ind2=" ">
    <subfield code="a">Description based on print version record.</subfield>
  </datafield>
  <datafield tag="650" ind1=" " ind2="0">
    <subfield code="a">Criminal law.</subfield>
  </datafield>
  <datafield tag="650" ind1=" " ind2="0">
    <subfield code="a">Deviant behavior.</subfield>
  </datafield>
  <datafield tag="650" ind1=" " ind2="0">
    <subfield code="a">Crime</subfield>
    <subfield code="x">Sociological aspects.</subfield>
  </datafield>
  <datafield tag="650" ind1=" " ind2="7">
    <subfield code="a">Crime &amp; criminology.</subfield>
    <subfield code="2">bicssc</subfield>
  </datafield>
  <datafield tag="650" ind1=" " ind2="7">
    <subfield code="a">Social Science</subfield>
    <subfield code="x">Criminology.</subfield>
    <subfield code="2">bisacsh</subfield>
  </datafield>
  <datafield tag="655" ind1=" " ind2="7">
    <subfield code="a">Electronic books.</subfield>
    <subfield code="2">local</subfield>
  </datafield>
  <datafield tag="700" ind1="1" ind2=" ">
    <subfield code="a">Ulmer, Jeffery T.,</subfield>
    <subfield code="d">1966-</subfield>
  </datafield>
  <datafield tag="776" ind1="0" ind2="8">
    <subfield code="i">Print version:</subfield>
    <subfield code="t">Sociology of crime, law and deviance. Vol. 2.</subfield>
    <subfield code="d">2000</subfield>
    <subfield code="z">0762306807</subfield>
    <subfield code="w">(OCoLC)44436808</subfield>
  </datafield>
  <datafield tag="856" ind1="4" ind2="0">
    <subfield code="u">https://www.emerald.com/insight/publication/doi/10.1108/S1521-6136(2000)2</subfield>
  </datafield>
  <datafield tag="913" ind1=" " ind2=" ">
    <subfield code="1">SSbacklist</subfield>
  </datafield>
  <datafield tag="999" ind1=" " ind2=" ">
    <subfield code="c">32186</subfield>
    <subfield code="d">32186</subfield>
  </datafield>
  <datafield tag="952" ind1=" " ind2=" ">
    <subfield code="0">0</subfield>
    <subfield code="1">0</subfield>
    <subfield code="2">lcc</subfield>
    <subfield code="4">0</subfield>
    <subfield code="7">0</subfield>
    <subfield code="a">DL</subfield>
    <subfield code="b">DL</subfield>
    <subfield code="c">OA</subfield>
    <subfield code="d">2021-03-03</subfield>
    <subfield code="l">0</subfield>
    <subfield code="o">HM210 .S68 2000</subfield>
    <subfield code="r">2021-03-03</subfield>
    <subfield code="u">https://www.emerald.com/insight/publication/doi/10.1108/S1521-6136(2000)2</subfield>
    <subfield code="w">2021-03-03</subfield>
    <subfield code="y">EBOOK</subfield>
  </datafield>
</record>
